000
00200 a2200097 4500
001
26761
100
_a
Malik, B.S
245
_a
Khalid Bin Walid
260
_a
_b
Islamic book
_c
090
_c
18005
_d
18005
942
_a
NUST-CAE
_c
M
_c
8898
999
_c
261834
_d
261834